000 01791nam2a22003011 4500
001 RU\NLR\19V\602250
005 20250614041529.0
035 _a(NLR Aleph) 010349008
090 _a10737988
_c10737988
100 _a20070823d1902 |||y0rusy50 ca
101 0 _arus
102 _aRU
105 _ay z| |||a|
200 0 _aТ. 12
210 _d1902
_aБ. м.
215 _a204 с.
_d19
327 1 _aСодерж.: Потемкин на Дунае : (1790-й год) : Историч. роман; Уманская резня : (Последние запорожцы) : (1768-1775 г.) : Историч. повесть
461 0 _1001v19\rc\1741534
_12001#$aСочинения Г.П. Данилевского$eв 24 т., с портр. автора [факс. и биогр. очерком]$vТ. 12
_95776555
_aДанилевский, Г. П. (1829-1890)
_cСанкт-Петербург
_d1902
_e9-е изд.
_nА.Ф. Маркс
_oв 24 т., с портр. автора [факс. и биогр. очерком]
_p22 т.
_tСочинения Г.П. Данилевского
_vТ. 12
464 0 _12001#$aПотемкин на Дунае$e(1790-й год)$eИсторический роман
_1702#1$3RU\NLR\AUTH\777932$7ca$aПотемкин$bГ. А.$f1739-1791$gГригорий Александрович$4570
_tПотемкин на Дунае
464 0 _12001#$aУманская резня$e(Последние запорожцы)$e(1768-1775 г.)$eИсторическая повесть
_15170#$aПоследние запорожцы
_tУманская резня
801 _aRU
_bNLR
_c20070823
_gpsbo
801 1 _aRU
_bNLR
_c20070823
_2rusmarc
852 _aNLR
_j34.9.4.20 (6)
899 _aRuMoRGB
_jF 103/88
899 _aRuMoRGB
_jРб 10/377
942 _cBOOK
980 _aNB